Normal view
MARC view
Entry Personal Name
001 - CONTROL NUMBER
- control field: 23832
003 - CONTROL NUMBER IDENTIFIER
- control field: dpl
005 - DATE AND TIME OF LATEST TRANSACTION
- control field: 20101023113623.0
008 - FIXED-LENGTH DATA ELEMENTS
- fixed length control field: 101023|||a|||||| | ||| d
040 ## - CATALOGING SOURCE
- Original cataloging agency: dpl
- Transcribing agency: dpl
100 ## - HEADING--PERSONAL NAME
- Personal name: अमरकान्त
670 ## - SOURCE DATA FOUND
- Source citation: Work cat.: (dpl)44716: अमरकान्त, इन्ही हथियारों से /, 2008
670 ## - SOURCE DATA FOUND
- Source citation: Work cat.: (dpl)44716: अमरकान्त, इन्ही हथियारों से /, 2008
